000 00209 a2200097 4500
001 59659
100 _a
245 _aTeacher's Handbook of Science
260 _aNew Delhi
_bAnmol
_c2007
090 _c36533
_d36533
942 _aNUST-CAE
_c
_c29484
999 _c294732
_d294732